[Event "SWE-chT2 1213"]
[Site "Sweden"]
[Date "2013.01.13"]
[Round "5"]
[White "Nylen, Anders"]
[Black "Andersson, Michael"]
[Result "1-0"]
[WhiteElo "2103"]
[BlackElo "2155"]
[PlyCount "85"]
[EventDate "2012.10.20"]
[EventType "team-tourn"]
[EventRounds "9"]
[EventCountry "SWE"]
[SourceTitle "EXT 2015"]
[Source "ChessBase"]
[SourceDate "2014.11.20"]
[SourceVersion "1"]
[SourceVersionDate "2014.11.20"]
[SourceQuality "1"]
[WhiteTeam "Limhamn II"]
[BlackTeam "Kamraterna"]
[WhiteTeamCountry "SWE"]
[BlackTeamCountry "SWE"]

1. d4 d6 2. e4 Nf6 3. f3 e5 4. d5 Be7 5. Be3 a5 6. Qd2 Nfd7 7. Bd3 h6 8. Ne2 Bg5 9. f4 exf4 10. Nxf4 Ne5 11. Be2 Nbd7 12. Nc3 Nc5 13. 0-0 0-0 14. h3 b6 15. Kh2 Bd7 16. Rae1 Qe7 17. Bd3 Rae8 18. Re2 Qd8 19. Ref2 Qc8 20. Nh5 Bxe3 21. Qxe3 Ng6 22. Qg3 Re5 23. Rxf7 Rxf7 24. Qxg6 Qf8 25. Rxf7 Qxf7 26. Qxf7+ Kxf7 27. Ng3 Kf6 28. Kg1 Rg5 29. Kf2 Ke5 30. Nge2 Rg6 31. Ng1 Nxd3+ 32. cxd3 Kd4 33. Nge2+ Kc5 34. a3 a4 35. g4 b5 36. Na2 c6 37. Nac3 Rf6+ 38. Ke3 Rf7 39. Nd4 cxd5 40. Nxd5 Rf1 41. b4+ axb3 42. Nxb3+ Kc6 43. Na5+ 1-0